| 000 -LEADER |
| fixed length control field |
01304pab a2200205 454500 |
| 008 - FIXED-LENGTH DATA ELEMENTS--GENERAL INFORMATION |
| fixed length control field |
180718b xxu||||| |||| 00| 0 eng d |
| 100 ## - MAIN ENTRY--PERSONAL NAME |
| Personal name |
Aberbach, Joel D. |
| 245 ## - TITLE STATEMENT |
| Title |
Bureaucrats and politicisn: a report on the administrative elites project |
| 520 ## - SUMMARY, ETC. |
| Summary, etc. |
According to the author this article is a review of research conducted by Joel D. Aberbach, Bert A. Rockman and their colleagues on the backgrounds, roles, responsibilities and relationships between high-level bureaucrats and politicians in several Western democracies. Bureaucrats and politicians each consider themselves policy-makers but tend to approach policy-making in characteristically different ways. Bureaucrats are the more stable and conserving elite, they tent to maintain equilibrium in the policy environment. Politicians are more rist-taking, they tend to inject energy and initiative into the policy process. Distinctions between bureaucrats and politicians are less clear in the United States, wher |
| 650 ## - SUBJECT ADDED ENTRY--TOPICAL TERM |
| Topical term or geographic name entry element |
Legislator |
| 650 ## - SUBJECT ADDED ENTRY--TOPICAL TERM |
| Topical term or geographic name entry element |
Bureaucrat Politician |
| 650 ## - SUBJECT ADDED ENTRY--TOPICAL TERM |
| Topical term or geographic name entry element |
Civil Service |
| 650 ## - SUBJECT ADDED ENTRY--TOPICAL TERM |
| Topical term or geographic name entry element |
U.S.A. |
| 650 ## - SUBJECT ADDED ENTRY--TOPICAL TERM |
| Topical term or geographic name entry element |
Australia |
| 650 ## - SUBJECT ADDED ENTRY--TOPICAL TERM |
| Topical term or geographic name entry element |
Civil Service and Legislators |
| 700 ## - ADDED ENTRY--PERSONAL NAME |
| Personal name |
Bert A., Rockman |
| 700 ## - ADDED ENTRY--PERSONAL NAME |
| Personal name |
Daniel B., Mezger |
| 773 ## - HOST ITEM ENTRY |
| Main entry heading |
Australian Journal of Public Administration |
| 909 ## - |
| -- |
21910 |